• 首页
  • 本馆介绍
  • 公告通知
  • 最新文献
  • 馆藏检索
  • 电子资源
  • 读者导购
  • 参考咨询
  • 我的图书馆
  • 登录
  • 详细信息显示
  • 放入我的书架
  • 预约/预借图书
  • 作者相关作品
  • 分类相关作品
  • 丛书相关作品
  • 出版社相关作品

书目信息

  • 表格格式
  • 工作单格式
  • 卡片格式
题名:
理论动态
    
 
作者: ;中共中央党校理论研究室 编
分册: 一九八四年 第三辑  
出版信息: 北京   中共中央党校出版社  1984.10
页数: 176页
开本: 20cm
丛书名:
单 册:
中图分类: D261.4
科图分类:
主题词: 中国共产党
电子资源:
ISBN:
000 00670nam0 2200217 45
001 0302260988
005 20070801111401.23
010    @dCNY0.70
091    @a3230.145
100    @a20030226d1984 km y0chiy0120 ea
101 0  @achi
200 1  @a理论动态@ALi Lun Dong Tai@h一九八四年 第三辑@h总第二十九辑@h第505-522期@f中共中央党校理论研究室编@FZhong Gong Zhong Yang Dang Xiao Li Lun Yan Jiu Shi Bian
205    @a汇编本
210    @a北京@c中共中央党校出版社@d1984.10
215    @a176页@d20cm
300    @a内部发行
606 0  @a中国共产党
690    @aD261.4@v3
711 02 @a中共中央党校理论研究室@4编
801    @aCN@bTSTC@c20070801
905    @dD261.4@e21:28@f1@b136873
    
    理论动态.一九八四年 第三辑.总第二十九辑.第505-522期/中共中央党校理论研究室编.-汇编本.-北京:中共中央党校出版社,1984.10
    176页;20cm
    内部发行
    
    ISBN :CNY0.70
    
●
相关链接 在E读中查询图书 在五车中查询图书 在当当中查询图书 在豆瓣中查询图书


正题名:理论动态     索取号:D261.4/21:28         预约/预借

序号 登录号 条形码 馆藏地/架位号 状态 备注
1 0136873   001672684   第一样本阅览室/ [索取号:D261.4/21:28] 在馆    
2 0790212   207902126   密集书库/ [索取号:D261.4/21:28] 在馆    
唐山师范学院图书馆 欢迎您!
大连网信软件有限公司© 版权所有